000 01272nam a2200385 i 4500
001 57516
003 CO-BoRNBP
005 20250708120052.0
007 ta
008 160801s2009 ck a gs 000 f spa d
020 _a9789681910129
040 _aCO-BoRNBP
_bspa
_erda
_cCO-BoRNBP
041 0 _aspa
084 _aN DAH1
100 1 _aDahl, Roald
_d1916-1990
_eautor
_960910
245 1 3 _aEl gran gigante bonachón
_cRoald Dahl ; ilustrado por Quentin Blake ; traducido por Herminia Dauer
250 _aPrimera edición
264 1 _aBogotá
_bAlfaguara
_c2009
300 _a172 páginas
_bilustraciones
_c20 cm
336 _atexto
_btxt
_2rdacontent
337 _asin mediación
_bn
_2rdamedia
338 _avolumen
_bnc
_2rdacarrier
490 0 _aPróxima parada Alfaguara
500 _aIncluye datos biográficos del autor, al final del texto
534 _tThe Bfg
650 0 7 _aBondad
_vNovela
_2LEMB
_960911
650 0 0 _aNovela juvenil inglesa
_2LEMB
_91873
650 0 0 _aNiñas
_vNovela
_2LEMB
_960912
650 0 7 _aGigantes
_vNovela
_2LEMB
_960913
650 0 7 _aAmistad
_vNovela
_2LEMB
_91741
650 0 0 _aLiteratura juvenil inglesa
_2LEMB
700 _aDauer, Herminia
_etraductor
_960914
700 _aBlake, Quentin
_eilustrador
_960915
942 _2loc
_cBKLIT
999 _c57516
_d57516